000
00328pab a2200145 454500
008
180718b1987 xxu||||| |||| 00| 0 eng d
100
_a
Dantwala, M.L.
245
_a
Agriculture and rural poverty
260
_c
1987
300
_a
3-16
362
_a
20 Sep.
650
_a
Agriculture - India
773
_a
Jamata
909
_a
3677
999
_c
3677
_d
3677